000
00288nam a22001337a 4500
008
170619b xxu||||| |||| 00| 0 eng d
020
_a
0878559434
041
_a
eng
080
_2
5TH
_a
94
100
_a
20
101
_a
SHP
245
_a
CUBAN COMMUNISM
_c
HOROWITZ,I.L
942
_2
udc
_c
BK
999
_c
18027
_d
18027